| 000 | 01004nam a22003017a 4500 | ||
|---|---|---|---|
| 003 | CHAP | ||
| 005 | 20220329141528.0 | ||
| 008 | 110815s2008 r 00010 spa d | ||
| 010 | _a69644 | ||
| 011 | _a70616 | ||
| 020 | _a9701065174 | ||
| 035 | _a80098 | ||
| 040 | _cCHAP | ||
| 082 | 0 | 0 |
_a512.897 _bG7y 2008 |
| 100 | 0 | 0 |
_aGrossman, Stanley I. _950814 |
| 245 | 1 | 0 |
_aÁlgebra lineal _c/por Stanley I. Grossman |
| 250 | _a6 ed. | ||
| 260 |
_aMéxico : _bMcGraw Hill _c, c2008 |
||
| 300 | _a762 p. | ||
| 590 |
_aBATCH-UPD _b10 _c20130110 _lUCH01 _h0836 |
||
| 590 |
_aBATCH-UPD _b10 _c20130410 _lUCH01 _h0514 |
||
| 590 |
_aBATCH-UPD _b10 _c20130914 _lUCH01 _h1704 |
||
| 590 |
_aCONVERSION _b10 _c20130109 _lUCH01 _h1338 |
||
| 650 | 0 | 4 |
_aÁlgebra lineal. _982392 |
| 901 | _aBK | ||
| 942 | _cLIBRO | ||
| 949 |
_a512.897 G7y 2008 _bBC _cLIBRO _d33724002329272 _eLIBRO _gSustituciØn _h65432 Sust. _i80098 _mEsta copia sustituye a la copia 1 del bib. 14916 con tŁtulo ælgebra lineal/ el mismo autor, otra ediciØn _so |
||
| 999 |
_c69644 _d69644 |
||